| 000 | 00490cam a2200181 a 4500 | ||
|---|---|---|---|
| 001 | 1977149 | ||
| 005 | 20231124024311.0 | ||
| 008 | 880616s1987 ii 000 0 eng | ||
| 020 | _a0140103449 : | ||
| 040 |
_aDLC _cDLC _dDLC |
||
| 082 | 0 | 0 |
_a305.4/0954 _220 _b ANE. |
| 100 | 1 | _aJung, Anees. | |
| 245 | 1 | 0 |
_aUnveiling India / _cAnees Jung. |
| 260 |
_aNew Delhi, India : _bPenguin Books ; _aNew York, N.Y., U.S.A. : _bViking Penguin, _c1987. |
||
| 300 | _a126 p . | ||
| 650 | 0 | _aWomen | |
| 942 | _cL | ||
| 999 |
_c72 _d72 |
||